000 00658nam a22002417a 4500
003 UA-OsUOA
001 40841
007 ta
008 20060901b un ||||| |||| 00| 0 ukr d
100 _aАгаєва В. П.
090 _a82.09(477)
_bА23
942 _cBK
040 _aUA-OsUOA
_bukr
_cUA-OsUOA
_dUA-OsUOA
245 _aУкраїнська імпресіоністична проза
_bМонографія
300 _a158 с.
955 _a2
041 _aukr
080 _a82.09(477)
020 _a5-77-02-0909-7
260 _aК.
_c1994
650 7 _a82 Література. Літературознавство
_2UDC
999 _c326967
_d326967